000 00362 a2200109 4500
001 ART_10705
005 20260410161831.0
008 260409a
245 1 0 _aEl mercado político y el Sistema electoral de D´Hont en Argentina
100 1 _aFrediani, Ramón O.
773 0 _tActualidad Económica
_g- Año XV, Nº 57 (jul./dic. 2005)
_wREV5083
999 _c23213
_d23213